| 000 | 01235nam a2200337 i 4500 | ||
|---|---|---|---|
| 999 |
_c33144 _d33144 |
||
| 001 | 768714001 | ||
| 003 | CO-MdFUSB | ||
| 005 | 20200421125144.0 | ||
| 007 | ta | ||
| 008 | 170718t20052001xxu||||| |||| 00| 0 eng d | ||
| 020 | _a9780800634292 | ||
| 040 |
_aCO-MdFUSB _bspa _cCO-MdFUSB _dCO-MdFUSBC _erda |
||
| 041 | 0 | _aeng | |
| 082 | 0 | 4 |
_223 _aG 221.44 _b T736t |
| 100 | 1 |
_aTov, Emanuel _eautor |
|
| 245 | 0 |
_aTextual criticism of the hebrew Bible _c / Emanuel Tov |
|
| 250 | _a2 ed. Revisada | ||
| 264 | 1 |
_aMinneapolis, MN., USA : _b Fortress, _c[2005] |
|
| 264 | 4 | _c© 2005 | |
| 300 |
_aXL, 456 Páginas _c; 25 cm |
||
| 336 |
_2rdacontent _atexto _btxt |
||
| 337 |
_2rdamedia _asin mediación _bn |
||
| 338 |
_2rdacarrier _avolumen _bnc |
||
| 505 | _aTestigos textuales de la Biblia. -- La historia del texto bíblico. -- La copia y transmisión del texto bíblico . -- El objetivo y los procedimientos de la crítica textual. -- La evaluación de las lecturas. -- La crítica textual y la crítica literaria - La enmienda conjetural. -- Ediciones críticas. | ||
| 563 | _aRústico | ||
| 630 | 0 | 7 |
_aBiblia. _pAntiguo Testamento |
| 650 | 7 |
_aCrítica textual _9482 |
|
| 942 | _cBK | ||
| 945 | _aJTF-925 | ||